| 000 | 00352nam a2200145Ia 4500 | ||
|---|---|---|---|
| 008 | 150201s2012 xx 000 0 und d | ||
| 082 |
_a618.1 _bE12S |
||
| 100 | _aSESHADRI , LAKSHMI | ||
| 245 | _aESSENTIALS OF GYNAECOLOGY | ||
| 250 | _a3RD | ||
| 260 |
_bWOLTERS KLUWER _aDELHI _c2012 |
||
| 300 | _a1-518 | ||
| 650 | _aGYNECOLOGY | ||
| 942 |
_2ddc _cBK _012 |
||
| 999 |
_c1436 _d1436 |
||